000 01361nam a2200349 4500
003 CO-CtgCURN
005 20250331185146.0
007 ta
008 160627s1998 000 0 eng d
020 _a8479033363
040 _aCO-CtgCURN
_bspa
_ccoctgcurn
082 0 _a611.018
_bR733
100 1 _aRoss, Michael H.
245 1 0 _aHistología :
_btexto y atlas color /
_cRoss Michael H., Lynn J. Romrell, Gordon i Kaye.
250 _a3a ed.
260 _aBuenos Aires :
_bMédica Panamericana,
_c1998.
300 _axviii, 817 p :
_bil., diagrams.
336 _2rdacontent
337 _2rdamedia
_asin mediacion
_bn
338 _2rdacarrier
_avolumen
_bnc
500 _aIncluye indice analítico.
505 8 _aMétodos.--Célula.--Tejidos conceptos y clasificación.--Tejido epitelial.--Tejido conectivo.--Tejido adiposo.--Cartílago.--Sangre.--Tejido nervioso.--Piel y faneras.--Aparato digestivo.--Aparato respiratorio.--Aparato urinario.--Ojo.--Oído.--Aparato genital femenino y masculino
650 1 4 _aBoca
_vAnatomía
_xAtlas.
650 1 4 _aDiente
_vAnatomía.
650 1 4 _aHistología
_vAnatomía.
650 1 4 _aBiología molecular.
700 1 _aRomrell, Lynn J.
700 1 _aKaye, Gordon I.
908 _a160627
942 _cBK
_h611.018
_iR733
_2ddc
999 _c21592
_d21592